Movies starting with “The” - Statistics

General Stats
  • This quiz has been taken 13 times
  • The average score is 6 of 20
Answer Stats
Hint Answer % Correct
After being struck by lightning, a man wakes up from a coma and obtains super speed The {Flash}
64%
An insurance salesman begins to suspect that his whole life is a reality TV show The {Truman Show}
64%
A couple travels to an island to eat at a restaurant with a lavish menu The {Menu}
55%
A group of vigilantes set out to take down corrupt superheroes who abuse their powers The {Boys}
45%
A tourist finds himself stranded at JFK airport and must take up temporary residence The {Terminal}
45%
A teenage girl is suddenly torn between two vampire brothers The {Vampire Diaries}
45%
A deputy wakes up from a coma to see a ruined world and leads a group to stay alive The {Walking Dead}
45%
A surgeon with autism and Savant syndrome is recruited into a prestigious surgical unit The {Good Doctor}
36%
Thomas is put in a group of boys after a memory wipe, all being trapped in a maze The {Maze Runner}
36%
Orphaned at nine, a girl masters the game of chess, however child stardom has a price The {Queen’s Gambit}
27%
A fading celebrity takes a drug to create a better version of herself, but things go wrong The {Substance}
27%
A primeval era family risk the dangers of their surroundings to find a new dwelling The {Croods}
18%
A woman who lived an immoral life gets put in heaven, and tries to be good to stay The {Good Place}
18%
A defense attorney will do whatever to win as he navigates the criminal justice system The {Lincoln Lawyer}
18%
Two FBI agents investigate an STD causing aesthetic effects but proving lethal The {Beauty}
9%
A flood sweeps the planet, and a fight ensues to save a child from a flooding apartment The {Great Flood}
0%
A lawyer is put in conflicts when an asset tries to expose her relationship to the agency The {Recruit}
0%
A group of cops discovers millions of cash, leading to distrust as outsiders find out The {Rip}
0%
A tourist on a train is approached by a mysterious woman for an unusual reason The {Tourist}
0%
A family of former child heroes now grown apart must reunite to protect the world The {Umbrella Academy}
0%
No matching quizzes found
Score Distribution
Percent of People with Each Score
Percentile by Number Answered
Your Score History
You have not taken this quiz